000 00586nam a22001817a 4500
003 OSt
005 20250506155701.0
008 250506b |||||||| |||| 00| 0 eng d
020 _a9783030095499
040 _crda
100 _aSperanza, M.Grazia.,
_eAuthor
_9754418
245 _aSupply Chain Finance:
_bIntegrating Operations and Finance in Global Supply Chains
_cBy M. Grazia Speranza and Jose Fernando Oliveira
260 _aSwitzerland
_bSpringer
_c2018
300 _axiii,183P
650 _2Finance
700 _aOliveira, Jose Fernando.,
_eAuthor
_9754419
942 _2CC
_cGB
_n0
999 _c1311832
_d1311832